| 000 | 00422nam a2200121Ia 4500 | ||
|---|---|---|---|
| 008 | 220615s9999||||xx |||||||||||||| ||und|| | ||
| 245 | 0 |
_aDemystifying Polyneuropathy _bRecent Advances and New Directions |
|
| 546 | _aEnglish[eng] | ||
| 650 | _aNeurology & clinical neurophysiology | ||
| 700 | _aBozzetto Ambrosi, Patricia | ||
| 856 | _uhttps://mts.intechopen.com/storage/books/7147/authors_book/authors_book.pdf | ||
| 942 | _cEB | ||
| 999 |
_c7436 _d7436 |
||